| 000 | 00855cam a2200277 4500 | ||
|---|---|---|---|
| 999 |
_c6756 _d6756 |
||
| 001 | 3159063 | ||
| 003 | GBCCL | ||
| 005 | 20241126110610.0 | ||
| 008 | 700916s1970 enk 000 0 eng | ||
| 010 | _a 74503086 | ||
| 015 | _aB70-13139 | ||
| 020 | _a0851106153 | ||
| 040 |
_aDLC _cDLC _dDLC |
||
| 050 | 0 | 0 |
_aBS491.2 _b.G8 1970b |
| 082 | 0 | 0 |
_a220.7 _bNEW |
| 100 | 1 |
_aGuthrie, Donald, _d1916-1992. _94068 |
|
| 245 | 1 | 4 |
_aThe New Bible commentary; _cedited by D. Guthrie [and] J. A. Motyer; consulting editors: A. M. Stibbs [and] D. J. Wiseman. |
| 250 | _a3rd ed., completely revised. | ||
| 260 |
_aLondon, _bInter-Variety P., _c1970. |
||
| 300 |
_axv, 1310 p. _c25 cm. |
||
| 350 | _a60/- | ||
| 630 | 0 | 0 |
_aBible _xCommentaries. _91243 |
| 700 | 1 |
_aMotyer, J. A., _eed. _94637 |
|
| 906 |
_a7 _bcbc _corignew _d3 _encip _f19 _gy-gencatlg |
||
| 942 |
_2ddc _cREF |
||